00591nam a2200169 a 45000010005000000030005000050050017000100080041000270400020000681000027000882450123001152600042002383000020002809420013003009990015003139520093003285838CDMR20130402151816.0130220s2010||||||||||||||||||||||||||||d aCDMRbcatcCDMR1 aTertsch, Hermann9286510aLibelo contra la sectab: la agitada peripecia personal del autor en los años negros del zapaterismocHerman Tertsch aMadridbLa esfera de los librosc2010 a266 p. ;c24 cm cMON2udc c5838d5838 00104070aCDMRbCDMRd2013-10-09l0oBk /8pCDMR131082036r2013-10-09w2013-10-09yMON